| 000 | 00869nam a2200337 i 4500 | ||
|---|---|---|---|
| 001 | 000016549 | ||
| 003 | DO-SdBNP | ||
| 005 | 20240710094329.0 | ||
| 006 | a||||fr|||| 00| 0 | ||
| 007 | ta | ||
| 008 | 240710e2006 dr ad r 000 0 spa d | ||
| 020 | _a0977601331 | ||
| 040 |
_aDO-SdBNP _bspa _cBNPHU _erda |
||
| 082 | 4 |
_bC268h _222 |
|
| 100 |
_aCardona, Sofía Irene _eautora _986023 |
||
| 245 | 1 | 0 |
_aLa habitación oscura / _cSofía Irene Cardona |
| 264 | 1 |
_aPuerto Rico : _bTerranova, _c2006. |
|
| 300 |
_apáginación variada ; _c24 cm. |
||
| 336 |
_2rdacontent _atexto _btxt |
||
| 337 |
_2rdamedia _asin mediación _bn |
||
| 338 |
_2rdacarrier _avolumen _bnc |
||
| 590 | _aInventariado, 2024/DG | ||
| 650 | _97940 | ||
| 650 | _936794 | ||
| 651 | _936795 | ||
| 700 | _957852 | ||
| 700 | _984727 | ||
| 710 | _984722 | ||
| 910 | _aDG | ||
| 942 |
_2ddc _cLBS1 |
||
| 999 |
_c57234 _d57234 |
||